000
00452nam a2200181Ia 4500
008
090124s9999 xx 000 0 und d
082
_b
30548
_a
4161
100
_a
जाधव रा. ग.
245
_a
वागर्थ
250
_a
1
260
_c
2000
300
_a
175
600
_a
जाधव रा. ग.
630
_a
वागर्थ
700
_a
जाधव रा. ग.
730
_a
वागर्थ
942
_c
BOOK
999
_c
144029
_d
144029